| 000 | 00429cam a2200181ua 4500 | ||
|---|---|---|---|
| 001 | 3885 | ||
| 008 | 111208n ii |||gr||||Z||||||asm | ||
| 040 | _cMAIN | ||
| 082 | _a891.4511 | ||
| 100 | _aBaruah, Hem, | ||
| 245 | 1 | 1 |
_aHem Baruahar kabita _cby Hem Baruah |
| 250 | _a1st. | ||
| 260 |
_aGuwahati: _bLBS Publication,986. |
||
| 300 |
_a92p: _c23cm. |
||
| 653 | _aAssamese poem | ||
| 653 | _aHem Baruahar kabita | ||
| 942 | _cBK | ||
| 999 |
_c3708 _d3708 |
||